Bioestadística médica
Guardat en:
| Autors principals: | , |
|---|---|
| Format: | Llibre |
| Idioma: | espanyol |
| Publicat: |
Ciudad de México
El Manual Moderno
2002
|
| Edició: | 3a. ed |
| Matèries: | |
| Etiquetes: |
Afegir etiqueta
Sense etiquetes, Sigues el primer a etiquetar aquest registre!
|
MARC
| LEADER | 00000nam a2200000 a 4500 | ||
|---|---|---|---|
| 001 | UCH3562 | ||
| 003 | CL-VaPUC | ||
| 005 | 20231114113358.0 | ||
| 008 | 090811e20020000MX |||||||||||||||||spa|d | ||
| 999 | |c 335044 |d 335042 | ||
| 020 | |a 9684269544 | ||
| 040 | |c Pontificia Universidad Católica de Valparaíso | ||
| 082 | 0 | 4 | |a 570.15195 |b DAW |2 21 |
| 100 | 0 | |a Dawson Saunders, Beth |e author |9 538910 | |
| 245 | 1 | 0 | |a Bioestadística médica |
| 250 | |a 3a. ed | ||
| 260 | |a Ciudad de México |b El Manual Moderno |c 2002 | ||
| 300 | |a 435 p | ||
| 583 | |a last modification |c 20121104 09:26:19 |k Rodrigo Vera | ||
| 650 | 0 | |a Medicina |9 258507 |x Investigación | |
| 650 | 0 | |a Biometría |9 262306 | |
| 650 | 0 | |a Estadística médica |9 270922 | |
| 650 | 0 | |a Estadística demográfica |9 885713 | |
| 700 | 0 | |a Trapp, Robert G |e author |9 538911 | |
| 942 | |c BK |2 ddc | ||
| 945 | |d 20090811 00:00:00 |a cmena | ||
| 952 | |0 0 |1 0 |4 0 |6 570_151950000000000_DAW_2002 |7 0 |8 A |9 424584 |a BIBCUR |b BIBCUR |d 2019-11-22 |i 1088467 |o 570.15195 DAW 2002 |p 1088467 |r 2025-04-22 |w 2019-11-22 |y BK |k KIN | ||